00906nam a2200253Ia 4500003000400000005001700004008004100021020001800062040001800080041000800098082002100106100002700127245006900154250001200223260004900235300003000284650005100314650005800365650004400423700002700467942003000494999001900524952010900543OSt20240807101522.0210716s1999 xx 000 0 und d a9780875849119 cAIMIT LIBRARY aeng a374.22 21bTAPD aTapscott, Don.9175429 aCreating value in the network economy /cEdited by Don Tapscott. a1st ed. aUSA :bHarvard Business Review Book ,c1999. axxvi,229p. ;bHBc25.1 cm aThe coming of knowledge based business9175430 aStrategy and the new economics of information9175431 aThe dawn of the e-lance economy9175432 aTapscott, Don.9175429 2ddccBKe1stk374.22 TAPD c203220d203220 001040708MBAaAIMITbAIMITd2021-07-16l0o374.22 TAPDpMBA05786r2026-05-23 00:00:00w2021-07-16yBK